Statistics for Connecticut Cities with the Largest Black Population

Click here to take the quiz!

General Stats

  • This quiz has been taken 17 times
  • The average score is 6 of 8

Answer Stats

#%City% Correct
52,13835.1Bridgeport
100%
46,23138.1Hartford
100%
43,16032.2New Haven
100%
17,03212.6Stamford
88%
11,65912.8Norwalk
69%
11,00414.8New Britain
63%
25,03821.9Waterbury
63%
12,17321.9West Haven
50%

Score Distribution

Percentile by Number Answered

Percent of People with Each Score

Your Score History

You have not taken this quiz